[Event "4NCL Div 1 2018-19"]
[Site "Daventry"]
[Date "2019.01.13"]
[Round "4"]
[White "Adams, Michael"]
[Black "Speelman, Jon S"]
[Result "1-0"]
[WhiteElo "2701"]
[BlackElo "2509"]
[Annotator "TA"]
[PlyCount "75"]
[EventDate "2019.01.12"]
[EventCountry "GBR"]
[SourceTitle "playchess.com"]
[Source "ChessBase"]
[SourceQuality "1"]

{[%evp 24,75,15,13,27,27,26,25,88,79,85,87,93,81,91,91,91,91,91,91,93,91,88,95,96,96,96,95,94,96,90,72,137,140,118,122,128,116,127,0,116,0,117,120,117,120,125,125,157,181,289,281,268,281]} 1. e4 e6 2. d4 d5 3. Nc3 Nf6 4. Bg5 dxe4 5. Nxe4 Nbd7 6. Nf3 h6 7. Nxf6+ Nxf6 8. Be3 Bd6 {C10: French with 3 Nc3: Unusual Black 3rd moves and 3...dxe4} 9. Bd3 O-O (9... b6 10. Qe2 Bb7 11. O-O-O Nd5 12. c4 Nxe3 13. fxe3 Qe7 14. e4 e5 15. c5 bxc5 16. dxe5 Bxe5 {1-0 (66) Aronian,L (2764)-Kramnik,V (2792) Paris 2018}) 10. Qe2 b6 11. O-O-O Bb7 12. Ne5 c5 13. Nc4 {LiveBook: 4 Games} Nd5 ({Reject} 13... Bxg2 $6 14. Rhg1 $18) 14. Nxd6 Qxd6 15. dxc5 {[#]} Qe5 $146 (15... Qc7 $11) ({Predecessor:} 15... bxc5 16. c4 {½-½ (52) Sulskis,S (2567)-Kotsur,P (2552) Nakhchivan 2013}) 16. Bd2 $16 Qxe2 17. Bxe2 bxc5 18. c4 Ne7 19. Be3 {Threatens to win with Rd7.} Nf5 20. Bxc5 Rfc8 21. Bb4 Bxg2 22. Rhg1 Bc6 23. Bc3 g6 24. Bf6 Kf8 25. b3 Re8 26. f4 Rec8 27. Kb2 Ng7 (27... Rab8 $142) 28. h4 h5 29. Rg5 Ne8 30. Bc3 Ng7 31. Bf6 Ne8 $1 {[%cal Re8f6]} 32. Bc3 Ng7 $1 33. Ra5 Nf5 34. Bf6 Ng3 35. Bd3 Ke8 36. Re1 Kd7 (36... Kf8 $142 37. Ra6 Bg2) 37. Rg5 $18 Nf5 38. Bxf5 $1 {Precision: White = 90%, Black = 57%.} 1-0

[Event "4NCL Div 1 2018-19"]
[Site "Daventry"]
[Date "2019.01.13"]
[Round "4"]
[White "Jones, Gawain C B"]
[Black "Fernandez, Daniel Howard"]
[Result "1/2-1/2"]
[WhiteElo "2691"]
[BlackElo "2465"]
[Annotator "TA"]
[PlyCount "124"]
[EventDate "2019.01.12"]
[EventCountry "GBR"]
[SourceTitle "playchess.com"]
[Source "ChessBase"]
[SourceQuality "1"]

{[%evp 21,124,14,15,8,35,37,61,0,0,0,0,0,0,0,0,-7,0,-58,0,-49,-47,-38,-36,-60,-59,-60,-55,-60,-54,-168,-145,-165,-165,-178,-154,-186,-151,-118,-112,-207,-210,-229,-237,-235,-195,-229,-235,-195,-183,-191,-200,-191,-206,-199,-203,-199,-197,-176,-175,-176,-117,-119,-127,-108,-106,-272,-259,-285,-285,-487,-440,-526,-461,-358,-516,-512,-508,-509,-498,-469,-462,-462,-453,-496,-486,-408,-324,-298,-321,-350,-321,-289,-16,-16,-16,-16,-16,-119,-15,-15,0,0,0,-8,-8]} 1. e4 c6 2. d4 d5 3. e5 Bf5 4. h4 h5 5. Bd3 Bxd3 6. Qxd3 e6 7. Bg5 {B12: Caro-Kann: Advance Variation} Qb6 8. Nd2 Ne7 9. Ngf3 Qa6 10. c4 Nf5 11. O-O Bb4 {LiveBook: 5 Games} 12. b3 Nd7 13. Rfd1 O-O {[#]} 14. a3 $146 (14. Nf1 $1 $14) ({Predecessor:} 14. Nf1 dxc4 15. bxc4 {1-0 (32) Yu,Y (2751)-Yuan,Q (2393) Shenzhen 2017}) 14... Bxd2 $1 $11 15. Rxd2 Nb6 {[%cal Rd5c4]} 16. c5 {Qxa6 is the strong threat.} Qxd3 17. Rxd3 Nd7 18. b4 b6 19. Rc1 (19. Rb3 $11) 19... Rfc8 (19... bxc5 $15 20. bxc5 Rfb8) 20. Bd2 f6 21. Re1 Kf7 22. g3 bxc5 23. bxc5 Rcb8 24. Bf4 Rb2 25. Rdd1 (25. Kg2 $15) 25... Rb3 $19 26. Kg2 a5 $1 (26... Rxa3 27. exf6 gxf6 28. Rb1 $17) 27. a4 Ra7 28. Re2 Rab7 29. Ra2 Rc3 30. Raa1 (30. exf6 $17 gxf6 31. Rda1) 30... Rbb3 $1 31. Nd2 Rb2 (31... Nxd4 32. Nxb3 Nxb3 33. Ra3 $15) 32. exf6 gxf6 (32... Nxd4 33. fxg7 e5 34. Rab1 $17) 33. Nf3 Rbb3 $1 34. Nd2 Rb4 35. Nf3 {With the idea Bd2.} Rcc4 36. Rab1 Kg6 (36... Rxa4 37. Rb7 $11) 37. Bd6 Rxb1 {[%mdl 64] Overworked Piece} ({And not} 37... Rxa4 38. Rb7 $11) 38. Rxb1 {Threatens to win with Rb7.} Nxd4 39. Nxd4 Rxd4 {[%mdl 4096] Endgame KRB-KRN} 40. Rb6 Ne5 (40... Rxa4 $19 41. Rxc6 Rc4) 41. Bxe5 $17 fxe5 42. Rxc6 {KR-KR} Kf6 ({Much weaker is} 42... Rxa4 $6 43. Rxe6+ Kf5 44. Rh6 $11) 43. Ra6 $2 (43. Rc7 $17) 43... Rxa4 $19 44. f3 d4 45. Ra7 $2 (45. Kf2) 45... Ra2+ 46. Kf1 Ra3 47. Kf2 {[#]} e4 $1 {[%mdl 512]} 48. fxe4 Ke5 49. g4 hxg4 50. h5 Rf3+ 51. Kg2 Kxe4 52. c6 Rc3 53. Rc7 {intending h6.} d3 54. h6 {aiming for h7.} d2 55. Rd7 {Strongly threatening h7.} Rxc6 56. h7 {[#]} Rc8 $2 ({Worse is} 56... Rc7 57. Rd4+ Kxd4 58. h8=Q+ Ke4 59. Qh1 $11) ({Black should play} 56... Rc2 $1 $19 57. Kf1 {[#]} d1=Q+ $1 {[%mdl 512]} 58. Rxd1 Rh2) 57. Rxd2 $11 Rh8 58. Rd7 $1 Kf5 59. Kg3 (59. Rg7 $11) 59... a4 (59... Kg6 $17 60. Ra7 Rxh7 61. Rxa5 Rh5) 60. Rf7+ {The position is equal.} Ke5 61. Kxg4 a3 {[%cal Ba4a3,Ba3a2][%mdl 32]} 62. Ra7 a2 {Accuracy: White = 42%, Black = 76%.} 1/2-1/2

[Event "4NCL Div 1 2018-19"]
[Site "Daventry"]
[Date "2019.01.13"]
[Round "4"]
[White "Parligras, Mircea-Emilian"]
[Black "Gordon, Stephen J"]
[Result "1/2-1/2"]
[WhiteElo "2651"]
[BlackElo "2540"]
[Annotator "TA"]
[PlyCount "65"]
[EventDate "2019.01.12"]
[EventCountry "GBR"]
[SourceTitle "playchess.com"]
[Source "ChessBase"]
[SourceQuality "1"]

{[%evp 19,65,18,36,29,32,34,36,32,37,33,37,18,30,0,0,0,8,12,16,11,11,0,0,0,16,5,8,0,0,0,0,-9,-8,-10,-8,-6,-6,-6,-9,-12,-21,-12,0,0,0,0,0,0]} 1. d4 Nf6 2. c4 e6 3. Nf3 a6 4. Nc3 d5 5. cxd5 exd5 6. Bg5 {D37: Queen's Gambit Declined: 5 Bf4} Be6 7. e3 Nbd7 8. h3 Bd6 9. Bd3 c6 10. Bf4 Qc7 {LiveBook: 5 Games} 11. Qd2 O-O 12. O-O Rfe8 13. Rfe1 {[#]} Nh5 $146 {[%cal Rh5f4,Bf6h5,Bh5g7,Bg7e6,Be6c5,Bc5e4][%mdl 32]} ({Predecessor:} 13... Nb6 14. Bxd6 Qxd6 {½-½ (68) Le,Q (2737)-Deac,B (2549) Caleta 2018}) 14. Bxd6 Qxd6 15. Qc2 g6 16. Na4 Ng7 {The position is equal.} 17. Nc5 Qc7 18. Nxe6 Nxe6 19. b4 {[%cal Bb2b4,Bb4b5][%mdl 32]} a5 20. b5 c5 21. dxc5 Nexc5 22. Red1 Rec8 23. Be2 Nb6 24. Rac1 Qd6 25. Qd2 Ne4 26. Qd4 Qf6 27. Qxf6 Nxf6 28. Nd4 Ne4 29. Bg4 Rxc1 30. Rxc1 h5 31. Bf3 Rc8 32. Rxc8+ Nxc8 33. Bxe4 {Accuracy: White = 59%, Black = 65%.} 1/2-1/2

[Event "4NCL Div 1 2018-19"]
[Site "Daventry"]
[Date "2019.01.13"]
[Round "4"]
[White "Erdos, Viktor"]
[Black "Colovic, Aleksandar"]
[Result "1-0"]
[WhiteElo "2610"]
[BlackElo "2454"]
[Annotator "TA"]
[PlyCount "37"]
[EventDate "2019.01.12"]
[EventCountry "GBR"]
[SourceTitle "playchess.com"]
[Source "ChessBase"]
[SourceQuality "1"]

{[%evp 26,37,0,0,372,366,379,379,375,377,377,397,425,425]} 1. d4 d5 2. Nf3 Nf6 3. c4 dxc4 4. e3 e6 5. Bxc4 c5 6. O-O cxd4 7. exd4 Be7 8. Nc3 O-O 9. Re1 Nc6 10. Bg5 a6 11. Bb3 b5 {D27: Queen's Gambit Accepted: Classical main line: 7 e4!? and 7 a4} 12. d5 Nxd5 13. Bxd5 exd5 14. Qxd5 {[#] LiveBook: 11 Games} Be6 $146 {[%mdl 8192] [#]} (14... Qxd5 $11 {and Black is okay.} 15. Nxd5 Bxg5 16. Nxg5 h6) ({Predecessor:} 14... Qxd5) 15. Qxc6 $18 Bxg5 16. Rad1 Qe7 17. Nd5 Bxd5 18. Qxd5 ({Stronger than} 18. Rxe7 Bxc6 19. Nxg5 Rac8 $11) 18... Rad8 19. Qxg5 ({Not} 19. Rxe7 Rxd5 20. Rxd5 Bxe7 $11) 1-0

[Event "4NCL Div 1 2018-19"]
[Site "Daventry"]
[Date "2019.01.13"]
[Round "4"]
[White "Cornette, Matthieu"]
[Black "Zhou, Yang-Fan"]
[Result "1/2-1/2"]
[WhiteElo "2587"]
[BlackElo "2432"]
[Annotator "TA"]
[PlyCount "48"]
[EventDate "2019.01.12"]
[EventCountry "GBR"]
[SourceTitle "playchess.com"]
[Source "ChessBase"]
[SourceQuality "1"]

{[%evp 19,48,35,52,50,47,59,89,13,93,93,156,156,138,93,120,122,124,0,0,0,0,0,0,0,0,0,0,5,6,5,5]} 1. e4 c5 2. Nf3 d6 3. Nc3 Nf6 4. e5 dxe5 5. Nxe5 Nbd7 6. d4 {B50: Sicilian: 2...d6, Miscellaneous} e6 (6... Nxe5 7. dxe5 Qxd1+ 8. Kxd1 Ng4 9. Bb5+ Bd7 10. e6 Bxb5 11. Nxb5 O-O-O+ 12. Ke2 a6 13. Nc3 fxe6 {1-0 (41) Mamedov,R (2688)-Li,C (2720) Doha 2016}) 7. Bb5 Be7 8. d5 exd5 9. Nxd5 O-O 10. Nxd7 Nxd7 {LiveBook: 3 Games} 11. Bf4 {[%cal Bc1f4,Bf4e5,Be5c3][%mdl 32]} Qa5+ 12. Qd2 Qxb5 13. Nxe7+ Kh8 14. O-O-O Nb6 $146 (14... Qa4 $142) 15. Be5 $16 {Intending Bxg7+! and mate.} f6 16. Bc3 Be6 17. Rhe1 Bxa2 {[#]} 18. Re4 (18. Nf5 $1 $16 {aiming for Re7.} Nd5 19. Nd6) 18... Rae8 $1 $36 {[%mdl 2048] The position is equal. White is under pressure.} 19. Qe3 {[#] Threatens to win with Rh4.} Rxe7 $1 {[%mdl 576] Remove Defender, Decoy} 20. Rxe7 {White wants to mate with Qg3.} Nd5 {[%mdl 64] Double Attack} 21. Qe1 {Strongly threatening Re4.} Nxe7 22. Qxe7 Re8 23. Qd7 Bc4 24. b3 Be2 1/2-1/2

[Event "4NCL Div 1 2018-19"]
[Site "Daventry"]
[Date "2019.01.13"]
[Round "4"]
[White "Hawkins, Jonathan"]
[Black "Hunt, Adam C"]
[Result "1-0"]
[WhiteElo "2569"]
[BlackElo "2396"]
[Annotator "TA"]
[PlyCount "99"]
[EventDate "2019.01.12"]
[EventCountry "GBR"]
[SourceTitle "playchess.com"]
[Source "ChessBase"]
[SourceQuality "1"]

{[%evp 29,99,0,0,-14,0,-22,-4,-31,0,0,5,-54,0,0,-5,-40,-39,-35,-46,-42,0,7,0,14,66,30,130,72,109,106,127,126,127,143,140,51,99,104,88,88,198,194,207,215,212,204,217,210,220,198,366,358,420,411,460,434,519,529,902,916,904,887,1007,973,1760,1337,1577,1328,1261,1185,2181,2106]} 1. d4 Nf6 2. c4 g6 3. Nc3 d5 4. Nf3 Bg7 5. Qb3 dxc4 6. Qxc4 O-O 7. e4 a6 8. Be2 b5 9. Qb3 c5 10. dxc5 Be6 11. Qc2 {D97: Grünfeld: Russian System: 7 e4, replies other than 7...Bg4} Nbd7 12. Be3 Rc8 13. c6 (13. Rd1 b4 14. Nd5 Bxd5 15. exd5 Nxc5 16. O-O Nce4 17. Qd3 Qd6 18. Qxa6 Rc2 {½-½ (67) Giri,A (2755)-Nepomniachtchi,I (2740) Moscow 2016}) 13... Rxc6 14. Nd4 Rd6 15. Nxe6 Rxe6 {LiveBook: 11 Games} 16. f3 Qa5 17. O-O Rc8 18. Rfd1 {[#]} Rec6 $146 (18... b4 $5 19. Qa4 $8 Re5 20. Qxa5 (20. Bxa6 Rb8 $17) 20... Rxa5 $15) ({Predecessor:} 18... Nb6) 19. a3 {[%cal Ba2a3,Ba3a4][%mdl 32]} Qc7 20. Qb3 (20. Qd2 $11) 20... e6 (20... Ng4 $1 $15 21. fxg4 Bxc3) 21. a4 $11 Nc5 22. Qa3 (22. Qb4 $5 {[%cal Ra4b5]} bxa4 23. Nxa4 $11) 22... b4 $1 {[%cal Rb4a3]} 23. Qxb4 Bf8 {White must now prevent ...Ncxe4.} 24. Na2 Rb8 (24... Ncxe4 $5 {[%cal Rf8b4]} 25. Qe1 Bc5 26. Bxc5 Nxc5 $11) 25. Qe1 $1 Nxa4 26. b4 Nd7 (26... Nb2 $11) 27. Rac1 Bg7 (27... Ne5 $11) 28. Qd2 ({Better is} 28. Bxa6 $1 Rxc1 29. Rxc1) 28... Ne5 {[#]} 29. Rxc6 $1 Qxc6 30. Rc1 $36 {[%mdl 2048] Keeping Black busy.} Qe8 31. Qc2 {And now f4 would win.} Nb6 32. f4 ({White should try} 32. Bxa6 $16 Ra8 33. Be2 (33. Bxb6 Rxa6 34. Qc8 Ra8 $14)) 32... Rc8 {[#]} 33. Qb3 $1 Ned7 34. Bxa6 {[%cal Be2a6,Ba6b7,Bb7c6][%mdl 32]} Ra8 (34... Rxc1+ $16 35. Nxc1 e5) 35. Bb7 Ra7 36. Bc6 {Threatens to win with Bxb6.} Qb8 37. Nc3 {[%cal Ba2c3,Bc3b5,Bb5d6][%mdl 32]} Rc7 38. Nb5 Rc8 39. e5 g5 $2 (39... Nd5 {was necessary.}) 40. Nd6 $18 Rc7 41. g3 Bf8 42. b5 {White is clearly winning.} Be7 43. Qd1 Ra7 44. Qh5 Bxd6 45. Qxg5+ Kf8 46. exd6 Qxd6 47. Qd8+ Kg7 48. Bxb6 Qd2 49. Qg5+ Kh8 50. Bxa7 {Precision: White = 62%, Black = 21%.} 1-0

[Event "4NCL Div 1 2018-19"]
[Site "Daventry"]
[Date "2019.01.13"]
[Round "4"]
[White "Pert, Nicholas"]
[Black "Haria, Ravi"]
[Result "1/2-1/2"]
[WhiteElo "2558"]
[BlackElo "2450"]
[Annotator "TA"]
[PlyCount "184"]
[EventDate "2019.01.12"]
[EventCountry "GBR"]
[SourceTitle "playchess.com"]
[Source "ChessBase"]
[SourceQuality "1"]

{[%evp 17,184,0,0,0,1,0,-2,-11,0,-16,0,-10,-23,-14,0,0,0,0,0,-12,0,0,0,0,0,0,0,0,0,0,0,0,0,0,0,0,0,0,0,0,0,0,0,0,5,0,0,0,0,0,4,0,0,0,0,0,0,0,0,0,0,0,0,0,10,8,13,0,14,14,14,14,14,14,14,12,14,12,13,13,13,13,13,13,13,11,11,11,11,0,11,0,11,11,11,11,11,11,11,11,11,0,11,11,11,0,11,8,11,11,11,11,11,11,11,0,11,11,11,11,11,11,11,11,11,11,11,11,11,0,0,0,11,11,11,11,11,11,11,0,11,11,11,0,11,0,0,0,0,0,0,0,0,0,0,0,0,0,8,0,8,8,8,8,8,8,8,8,8]} 1. d4 e6 2. c4 d5 3. Nc3 Bb4 4. cxd5 exd5 5. Bf4 c6 6. e3 {D31: Queen's Gambit Declined: Semi-Slav without ...Nf6 (+ Marshall Gambit and Noteboom) and Exchange Variation lines without ...Nf6} Ne7 7. Nf3 Bd6 8. Bg3 O-O 9. Bd3 Bf5 {LiveBook: 7 Games} 10. Rb1 a5 11. a3 Re8 $146 ({Predecessor:} 11... Na6 12. O-O Bxd3 13. Qxd3 Nc8 14. e4 Bxg3 15. hxg3 dxe4 16. Nxe4 {1-0 (43) Volkov,S (2627)-Bocharov,D (2583) Taganrog 2018}) 12. O-O Bxg3 13. hxg3 Qd6 14. b4 axb4 15. axb4 b5 {The position is equal.} 16. Bxf5 Nxf5 17. Qc2 Ne7 18. e4 dxe4 19. Nxe4 Qd5 20. Rfe1 Nd7 21. Nc5 Nf5 22. Nxd7 Qxd7 23. Qc5 f6 24. g4 Ne7 25. g5 Nd5 26. gxf6 {[#] Hoping for Ne5.} gxf6 27. g3 Rxe1+ 28. Nxe1 Ra3 29. Rc1 Qe6 30. Ng2 Ra4 31. Re1 Qd7 32. Ne3 Nxe3 33. Rxe3 $11 {[%mdl 4096] Endgame KQR-KQR} Ra1+ 34. Kh2 Qd5 {[%csl Ga1][%cal Rd5h1] [#]} 35. Re8+ Kf7 {[%csl Ga1][%cal Rd5h1]} 36. Qxd5+ cxd5 {KR-KR} 37. Rb8 Rd1 38. Rxb5 Rxd4 39. Kg2 Ke6 40. Kf3 Re4 41. Rb8 Kd6 42. Rd8+ Ke7 43. Rxd5 Rxb4 44. Rh5 Kf7 45. Rxh7+ Kg6 46. Ra7 (46. Rd7 {is interesting.} Rb2 47. Ke3 Rb3+ 48. Ke2 Rb2+ 49. Rd2) 46... Rb2 47. Ra5 Rc2 48. g4 Rb2 49. Kg3 Rb1 50. Ra6 Rb4 51. f4 {g5 is the strong threat.} Kg7 52. Ra7+ Kg6 53. Ra6 {aiming for g5.} Kg7 54. Ra7+ Kg6 55. f5+ Kh6 56. Ra8 $1 {[%cal Ra8g8]} Kg7 57. Kh4 $1 Rb1 58. Ra7+ Kh6 59. Ra8 {And now Rg8 would win.} Kg7 60. Ra6 Rc1 61. Kg3 Rb1 62. Rd6 Rb4 63. Kh4 Rb1 64. Re6 Ra1 65. Rb6 Rc1 66. Rd6 Ra1 67. Kg3 Ra4 68. Rd1 Kh6 69. Kh4 Ra2 70. Rd6 Kg7 71. Rd7+ Kh6 $1 72. Rf7 Ra6 73. Kg3 Ra3+ 74. Kh4 Ra6 75. Rf8 Kg7 76. Re8 {White wants to play Re7+.} Ra3 77. Re1 Kh6 78. Re8 {Threatens to win with Rg8.} Kg7 79. Re7+ Kh6 $1 80. Rf7 Ra6 81. Kg3 Ra3+ 82. Kf4 Ra4+ 83. Kf3 Ra3+ 84. Ke4 Ra4+ 85. Kd5 Rxg4 86. Ke6 Ra4 87. Rxf6+ Kg7 88. Rf7+ Kg8 89. Rd7 {Black must now prevent Rd8+.} Ra6+ 90. Ke5 Kf8 91. Kf4 Ra4+ 92. Kg5 {With the idea Kg6.} Ra6 {Precision: White = 64%, Black = 79%.} 1/2-1/2

[Event "4NCL Div 1 2018-19"]
[Site "Daventry"]
[Date "2019.01.13"]
[Round "4"]
[White "Gonda, Laszlo"]
[Black "Ashton, Adam G"]
[Result "1-0"]
[WhiteElo "2531"]
[BlackElo "2326"]
[Annotator "TA"]
[PlyCount "61"]
[EventDate "2019.01.12"]
[EventCountry "GBR"]
[SourceTitle "playchess.com"]
[Source "ChessBase"]
[SourceQuality "1"]

{[%evp 21,61,0,0,0,0,0,0,6,34,22,29,10,9,0,0,0,9,0,16,0,0,0,8,14,26,0,29,16,75,66,81,71,312,308,509,472,29992,29993,29993,29994,29995,29996]} 1. Nf3 d5 2. g3 Nf6 3. Bg2 e6 4. O-O Be7 5. c4 O-O 6. b3 b6 7. Bb2 Bb7 8. e3 c5 9. Nc3 Nbd7 10. Qe2 Rc8 11. Rad1 {A14: English Opening: 1...e6 with b3 by White} Qc7 {LiveBook: 3 Games} 12. Nh4 dxc4 $146 ({Predecessor:} 12... Rfe8 13. cxd5 exd5 14. d4 cxd4 15. Rxd4 Nc5 16. Nxd5 Nxd5 17. Bxd5 Bxd5 18. Rxd5 Bxh4 19. gxh4 {1-0 (92) Donchenko,A (2567)-Batsuren,D (2352) Tarvisio 2017}) 13. bxc4 {The position is equal.} Bxg2 14. Nxg2 Qc6 15. f4 a6 16. e4 {[%cal Be3e4,Be4e5][%mdl 32]} b5 {[%cal Bb6b5,Bb5b4][%mdl 32]} 17. e5 b4 18. Nb1 {[%cal Bc3b1,Bb1d2,Bd2b3][%mdl 32]} Ne8 $1 19. d3 Nb6 20. Nd2 $36 {[%mdl 2048] Black is under pressure.} Na4 21. Ba1 f5 22. Nb3 Nc7 23. h3 Rfd8 24. Kh2 Ra8 (24... Ne8 $11) 25. g4 $16 g6 26. Ne3 {Hoping for gxf5.} Kh8 $2 (26... Nc3 $16 27. Bxc3 bxc3) 27. gxf5 $18 gxf5 $2 {[#]} (27... Nc3 28. Bxc3 bxc3) 28. Nxf5 $1 {[%mdl 512]} exf5 (28... Rf8 $18 29. Nxe7 Qd7) 29. e6+ $1 {White mates.} Kg8 30. Rg1+ Kf8 31. Bg7+ {Accuracy: White = 87%, Black = 49%.} 1-0

[Event "4NCL Div 1 2018-19"]
[Site "Daventry"]
[Date "2019.01.13"]
[Round "4"]
[White "Turner, Matthew J"]
[Black "Wells, Peter K"]
[Result "0-1"]
[WhiteElo "2518"]
[BlackElo "2405"]
[Annotator "TA"]
[PlyCount "78"]
[EventDate "2019.01.12"]
[EventCountry "GBR"]
[SourceTitle "playchess.com"]
[Source "ChessBase"]
[SourceQuality "1"]

{[%evp 9,78,-4,-14,-43,-44,-69,-70,-80,-74,-108,-105,-99,-97,-115,-99,-102,-103,-162,-161,-153,0,-84,0,-162,-154,-163,-154,-157,-151,-169,-120,-134,-72,-70,-60,-66,-87,-109,-107,-107,-106,-114,-109,-102,-102,-104,-97,-104,-95,-121,-78,-99,-90,-92,-89,-75,-75,-75,-85,-98,-94,-97,-96,-232,-234,-420,-420,-420,-420,-420,-349]} 1. c4 Nf6 2. Nc3 e5 3. g3 Bb4 4. Qc2 (4. Bg2 O-O 5. Nf3 e4 6. Nd4 Re8 7. O-O Nc6 8. Nc2 Bxc3 9. bxc3 d6 10. Ne3 Be6 11. Rb1 b6 12. d3 Bd7 13. h3 Rb8 14. Kh2 exd3 15. exd3 Ne7 16. Rb2 Bc6 17. f4 d5 {0-1 (50) Nepomniachtchi,I (2751)-Karjakin,S (2783) chess.com INT 2017}) 4... O-O 5. Nf3 Re8 6. a3 $146 {A22: English Opening: 1...e5 2 Nc3 Nf6} ({Predecessor:} 6. Bg2 c6 7. a3 Bxc3 8. Qxc3 e4 9. Nd4 d5 10. b4 Nbd7 11. Bb2 Nb6 12. cxd5 cxd5 {½-½ (51) Muslija,I (2268)-Muskardin,M (2231) Rijeka 2014}) 6... Bxc3 7. Qxc3 d5 8. d3 {Black is slightly better.} d4 9. Qc2 e4 $1 {[%cal Re4f3]} 10. dxe4 Nxe4 11. Qd1 Nc6 12. Bg2 Be6 13. Qc2 (13. O-O $17) 13... Bf5 $1 $36 {[%mdl 2048] White is under strong pressure.} 14. Qd1 {[#]} Be6 ({Black should try} 14... d3 $1 {[%mdl 512] ...Nxf2! is the strong threat.} 15. Be3 (15. Qxd3 Qxd3) 15... dxe2 16. Qxe2 Nc5 $1 {[%mdl 512]}) 15. Qc2 $17 Bf5 (15... h6 $17) 16. Qd1 $19 {[#]} d3 $1 {[%mdl 512]} 17. Be3 (17. Qxd3 Qxd3) 17... dxe2 18. Qxd8 Raxd8 19. Kxe2 Nd6 {[%cal Be4d6,Bd6f5,Bf5e3][%mdl 32]} 20. b3 Bg4 (20... Ne4 $142 {And now ...Nc3+ would win.} 21. Rac1 Nc5) 21. Rhd1 $17 Nf5 22. Rxd8 Rxd8 23. Kf1 Nxe3+ 24. fxe3 Rd3 {[%mdl 64] Double Attack} 25. b4 Rxe3 26. Re1 Rxe1+ 27. Nxe1 {[%mdl 4096] Endgame KBN-KBN} Ne5 28. Bxb7 Nxc4 29. a4 a5 30. bxa5 Nxa5 31. Be4 Bd7 32. Bc2 Kf8 33. Ke2 Ke7 34. Ke3 Kd6 35. Nf3 h6 36. h4 {[#]} (36. Kd3 $17) 36... Kc5 $1 $19 37. Ne5 $2 (37. Kf4) 37... Nc4+ {Black is winning.} 38. Nxc4 Kxc4 39. Ke4 Bc6+ {Accuracy: White = 63%, Black = 73%.} 0-1

[Event "4NCL Div 1 2018-19"]
[Site "Daventry"]
[Date "2019.01.13"]
[Round "4"]
[White "Ghasi, Ameet K"]
[Black "Derakhshani, Borna"]
[Result "1/2-1/2"]
[WhiteElo "2505"]
[BlackElo "2322"]
[Annotator "TA"]
[PlyCount "37"]
[EventDate "2019.01.12"]
[EventCountry "GBR"]
[SourceTitle "playchess.com"]
[Source "ChessBase"]
[SourceQuality "1"]

{[%evp 16,37,18,7,12,1,18,25,16,0,6,6,6,9,7,1,8,0,35,-36,-36,-25,-25,-62]} 1. Nf3 Nf6 2. g3 g6 3. Bg2 Bg7 4. O-O O-O 5. d4 d5 6. c4 c6 7. Nbd2 Bf5 8. b3 a5 9. a3 {LiveBook: 14 Games. D78: Fianchetto Grünfeld: 6 0-0 c6} b5 10. Bb2 $146 ({Predecessor:} 10. c5 Ne4 11. Bb2 Nxc5 12. Ne5 Ncd7 13. e4 dxe4 14. Nxe4 Qb6 15. Rc1 Rd8 16. Qe2 Qc7 17. Nxf7 Kxf7 {1-0 (51) Langheinrich,F (2375)-Bok,B (2575) Wolvega 2014}) 10... a4 {Black wants to play ...axb3.} 11. cxb5 {The position is equal.} cxb5 12. Rc1 Nbd7 13. Ne5 Nxe5 14. dxe5 Ne4 15. b4 Rc8 16. e3 h5 17. f3 (17. Nxe4 $14 dxe4 18. Qd4) 17... Nd6 $1 $15 18. Rxc8 Qxc8 19. Bd4 {Accuracy: White = 30%, Black = 64%.} 1/2-1/2

[Event "4NCL Div 1 2018-19"]
[Site "Daventry"]
[Date "2019.01.13"]
[Round "4"]
[White "Tan, Justin"]
[Black "Sadler, Matthew D"]
[Result "1/2-1/2"]
[WhiteElo "2502"]
[BlackElo "2693"]
[Annotator "TA"]
[PlyCount "54"]
[EventDate "2019.01.12"]
[EventCountry "GBR"]
[SourceTitle "playchess.com"]
[Source "ChessBase"]
[SourceQuality "1"]

{[%evp 23,54,0,0,0,0,0,0,0,0,0,0,0,0,0,0,0,0,0,0,0,0,0,0,0,0,0,0,0,0,0,0,0,6]} 1. d4 d5 2. c4 e6 3. Nc3 c6 4. cxd5 exd5 5. Nf3 Bf5 6. Bg5 Be7 7. Bxe7 Qxe7 8. e3 Nf6 9. Bd3 Bxd3 10. Qxd3 Nbd7 11. O-O O-O 12. Nd2 {D31: Queen's Gambit Declined: Semi-Slav without ...Nf6 (+ Marshall Gambit and Noteboom) and Exchange Variation lines without ...Nf6} Rfe8 {LiveBook: 5 Games. The position is equal.} 13. Rab1 (13. Rfe1 Nb6 14. Re2 Rad8 15. Rae1 Ne4 16. f3 Nxd2 17. Rxd2 a5 18. Rde2 Qb4 19. a3 Qb3 {½-½ (40) Gormally,D (2500)-Howell,D (2705) Douglas 2015}) 13... a5 14. Qc2 Nb6 $146 ({Predecessor:} 14... Ne4 15. a3 Nxd2 16. Qxd2 Nb6 17. Rbe1 Nc4 18. Qc1 Qd6 {0-1 (41) De Carvalho,I (1920)-Serpa,R (2042) Sao Paulo 2015}) 15. Rfe1 g6 16. h3 Kg7 17. a3 Nc8 18. e4 dxe4 19. Ndxe4 Nd6 {[%cal Rf6e4]} 20. Nxf6 Qxf6 ({Much weaker is} 20... Qxe1+ $6 21. Rxe1 Rxe1+ 22. Kh2 $16) 21. d5 c5 22. Na4 c4 23. Nb6 Rad8 24. Nxc4 Rxe1+ 25. Rxe1 Nxc4 26. Qxc4 Qxb2 27. a4 Qb4 {Accuracy: White = 100%, Black = 92%.} 1/2-1/2